Southville International School and Colleges
Your cart is empty.
  • Cart
  • Lists
    Public lists Eva Luna New books Lux_list list_1
    Your lists Log in to create your own lists
  • Log in to your account
  • Your cookies
  • Search history
Southville International School and Colleges
  • Advanced search
  • Recent comments
  • Most popular
  • Libraries

Log in to your account

Log in with GOOGLE


If you do not have an external account, but do have a local account, you can still log in:

  1. Home
  2. MARC view: Get out of bed! /
Normal view MARC view ISBD view

Get out of bed! / (Record no. 104824)

[ view plain ]
MARC details
000 -LEADER
fixed length control field 00765nam a2200217 a 4500
005 - DATE AND TIME OF LATEST TRANSACTION
control field 20140412111329.0
008 - FIXED-LENGTH DATA ELEMENTS--GENERAL INFORMATION
fixed length control field 021209s19uu xx 00 eng d
020 ## - INTERNATIONAL STANDARD BOOK NUMBER
International Standard Book Number 0-590-21103-X
050 ## - LIBRARY OF CONGRESS CALL NUMBER
Classification number TR(PS E
Item number Ge26 1998
050 ## - LIBRARY OF CONGRESS CALL NUMBER
Classification number ER
Item number Ge26 1998
100 ## - MAIN ENTRY--PERSONAL NAME
Personal name Munsch, Robert
245 ## - TITLE STATEMENT
Title Get out of bed! /
Statement of responsibility, etc Robert Munsch; illustrated by Alan Lea Daniel.
260 ## - PUBLICATION, DISTRIBUTION, ETC. (IMPRINT)
Place of publication, distribution, etc New York :
Name of publisher, distributor, etc Scholastic Inc,
Date of publication, distribution, etc 1998.
300 ## - PHYSICAL DESCRIPTION
Extent 1 v. (unp.) ; ill.
520 ## - SUMMARY, ETC.
Summary, etc When Amy won't get out of bed, her parents don't know what to do. Amy's brother comes up with a wacky solution that gets Amy to school on time--but will her school ever be the same?
650 ## - SUBJECT ADDED ENTRY--TOPICAL TERM
Topical term or geographic name as entry element Children stories
650 ## - SUBJECT ADDED ENTRY--TOPICAL TERM
Topical term or geographic name as entry element Sleeping--Fiction
Holdings
Withdrawn status Lost status Damaged status Use restrictions Home library Current library Shelving location Date acquired Source of acquisition Total Checkouts Full call number Barcode Date last seen Price effective from Koha item type
        Elizalde Library Elizalde Library Teachers Reference Section 12/09/2002     TR(PS E Ge26 1998 E8753 04/12/2014 04/12/2014 Books
        Elizalde Library Elizalde Library Teachers Reference Section 12/09/2002     TR(PS E Ge26 1998 E8755 04/12/2014 04/12/2014 Books
        Elizalde Library Elizalde Library Easy Reading Section 12/09/2002     ER Ge26 1998 E8752 04/12/2014 04/12/2014 Books

Get out of bed! /

APA

Munsch R., . (1998). Get out of bed!. New York: Scholastic Inc.

Chicago

Munsch Robert, . 1998. Get out of bed!. New York: Scholastic Inc.

Harvard

Munsch R., . (1998). Get out of bed!. New York: Scholastic Inc.

MLA

Munsch Robert, . Get out of bed!. New York: Scholastic Inc. 1998.

  • Place hold
  • Print
  • Cite
  • Add to your cart (remove)
  • Save record
    BIBTEX Dublin Core MARCXML MARC (non-Unicode/MARC-8) MARC (Unicode/UTF-8) MARC (Unicode/UTF-8, Standard) MODS (XML) RIS
  • More searches
    Search for this title in:
    Other Libraries (WorldCat) Other Databases (Google Scholar) Online Stores (Bookfinder.com) Open Library (openlibrary.org)

Exporting to Dublin Core...

SOUTHVILLE LIBRARY

Southville International School and Colleges Library

1281 Tropical Ave. Cor. Luxembourg St., BF Homes International, Las Pinas City

Tel. No. 8256374 / 252358 Loc. 117/146

Powered by Koha